Les clubs ayant le plus de victoires en ligue des champions - Statistiques

Statistiques générales
  • Ce quiz a été pris 640 fois
    90 depuis la dernière actualisation
  • Le résultat moyen est 17 sur 20
Statistiques - réponses
Victoires Clubs % Correct
212 FC Barcelone
100%
302 Real Madrid
100%
244 Bayern Munich
96%
93 Paris SG
96%
138 AC Milan
95%
112 Inter Milan
95%
77 Manchester City
95%
161 Manchester United
95%
157 Juventus
93%
151 Liverpool
93%
104 Chelsea
90%
96 Dortmund
90%
115 Arsenal
88%
126 FC Porto
83%
112 Ajax
78%
89 Atletico de Madrid
78%
135 Benfica
77%
78 PSV
55%
106 Celtic
45%
107 Dynamo Kiev
22%
Aucun quiz correspondant
Distribution des résultats
% des personnes avec chaque résultat
Percentile par nombre de réponses
Votre historique - résultats
Vous n’avez pas pris ce quiz depuis la dernière actualisation